Aivaru prasiddharada bauta vaijnanikaru (Record no. 144733)
[ view plain ]
| 000 -LEADER | |
|---|---|
| fixed length control field | 00732nam a2200229Ia 4500 |
| 003 - CONTROL NUMBER IDENTIFIER | |
| control field | OSt |
| 005 - DATE AND TIME OF LATEST TRANSACTION | |
| control field | 20240502141316.0 |
| 008 - FIXED-LENGTH DATA ELEMENTS--GENERAL INFORMATION | |
| fixed length control field | 210210b1945 xxu||||| |||| 00| 0 eng d |
| 040 ## - CATALOGING SOURCE | |
| Transcribing agency | AL |
| 041 ## - LANGUAGE CODE | |
| Language code of text/sound track or separate title | Kannada |
| 082 ## - DEWEY DECIMAL CLASSIFICATION NUMBER | |
| Classification number | 858/38 |
| 100 ## - MAIN ENTRY--PERSONAL NAME | |
| Personal name | KRASHNASVAMI RAV |
| Dates associated with a name | ಕೃಷ್ಣಸ್ವಾಮಿ ರಾವ್ |
| 9 (RLIN) | 162861 |
| 245 ## - TITLE STATEMENT | |
| Title | Aivaru prasiddharada bauta vaijnanikaru |
| Remainder of title | ಐವರು ಪ್ರಸಿದ್ಧರಾದ ಭೌತ ವೈಜ್ಞಾನಿಕರು |
| 260 ## - PUBLICATION, DISTRIBUTION, ETC. | |
| Place of publication, distribution, etc. | Maisuru |
| Name of publisher, distributor, etc. | Maisuru Vishvavidyanilaya |
| Date of publication, distribution, etc. | 1945 |
| 650 ## - SUBJECT ADDED ENTRY--TOPICAL TERM | |
| Topical term or geographic name entry element | vaijnAnikaru |
| 9 (RLIN) | 162862 |
| 650 ## - SUBJECT ADDED ENTRY--TOPICAL TERM | |
| Topical term or geographic name entry element | prasiddharAda |
| 9 (RLIN) | 162863 |
| 650 ## - SUBJECT ADDED ENTRY--TOPICAL TERM | |
| Topical term or geographic name entry element | bauta |
| 9 (RLIN) | 162864 |
| 650 ## - SUBJECT ADDED ENTRY--TOPICAL TERM | |
| Topical term or geographic name entry element | Aivaru |
| 9 (RLIN) | 162865 |
| 690 ## - LOCAL SUBJECT ADDED ENTRY--TOPICAL TERM (OCLC, RLIN) | |
| Topical term or geographic name as entry element | Biography |
| 9 (RLIN) | 162866 |
| 906 ## - LOCAL DATA ELEMENT F, LDF (RLIN) | |
| a | 020582 |
| 942 ## - ADDED ENTRY ELEMENTS (KOHA) | |
| Source of classification or shelving scheme | Dewey Decimal Classification |
| Koha item type | Book |
| Withdrawn status | Lost status | Damaged status | Not for loan | Collection code | Home library | Current library | Shelving location | Date acquired | Cost, normal purchase price | Total Checkouts | Full call number | Barcode | Date last seen | Price effective from | Koha item type |
|---|---|---|---|---|---|---|---|---|---|---|---|---|---|---|---|
| St Aloysius Library | St Aloysius Library | 02/17/2021 | 0.00 | 858/38 | 020582 | 02/17/2021 | 02/17/2021 | Book |